00497 2200205 4500001002100000005001500021035002000036245002900056100001100085300002900096260004800125082000800173084001400181020002200195650001300217650002100230650001000251990001500261990001500276INLIS00000000000045420260303105131 a0010-03260000031 aOff The Record /cRia SW0 aRia SW a224 hlm. ;c13,5 x 20 cm aJakarta :bPT Gramedia Pustaka Utama,c2018 a813 a813 RIA o a978-602-038-568-6 aYoutuber aKisah Perjalanan aNovel a00003/F/26 a00003/F/26